Complétez les titres de film #3 - Statistiques

Statistiques générales
  • Ce quiz a été pris 1 789 fois
  • Le résultat moyen est 12 sur 20
Statistiques - réponses
Titres de film Mots manquants % Correct
_____, j'ai raté l'avion Maman
99%
_______ Gump Forrest
98%
______ vers le futur Retour
98%
Le ____ ____ est une ordure Père Noël
94%
La vie est un long ______ ___________ fleuve tranquille
87%
Juste la fin du _____ monde
86%
La _____ de Schindler liste
85%
Le Cercle des ______ ________ poètes disparus
69%
Thelma et ______ Louise
67%
__________ Now Apocalypse
61%
_______ for a Dream Requiem
58%
Un long dimanche de ___________ fiançailles
51%
American _______ X History
47%
Les ________ pourpres rivières
47%
Mange, ____, aime prie
46%
Diamants sur ______ canapé
43%
Virgin ________ Suicides
40%
_______ ________ of a Spotless Mind Eternal Sunshine
37%
__________ Drive Mulholland
17%
Les ________ sauvages nouveaux
3%
Aucun quiz correspondant
Distribution des résultats
% des personnes avec chaque résultat
Percentile par nombre de réponses
Votre historique - résultats
Vous n’avez pas pris ce quiz